Don't Stop Me Now by Queen - Lyrics - Statistics

General Stats
  • This quiz has been taken 717 times
    716 since last reset
  • The average score is 54 of 73
Answer Stats
Song Lyrics % Correct
A real {good} time
98%
I'm having such a {good} time
98%
'Cause I'm having a good {time}
97%
('cause I'm having a good {time}
97%
Having a good {time}
97%
I'm having such a good {time}
97%
Don't {stop} me now
95%
Don't {stop} me now
95%
Don't stop me {now}
92%
Don't stop me {now}
92%
Don't stop me {now}
92%
Don't stop me {now}
92%
There's no stopping {me}
92%
Don't {stop} {me}
91%
So don't {stop} {me} now
91%
I'm a shooting {star}
89%
I'm trav'ling at the {speed} {of} {light}
88%
I'm trav'ling at the {speed} {of} {light}
88%
('cause I'm having a {good} {time})
87%
If you wanna have a {good} {time}
87%
That's why the call me {Mister} Fahrenheit
87%
Two {hundred} degrees
87%
(yes I'm having a {good} {time})
87%
Defying the laws of {gravity}
84%
I wanna make a {supersonic} man out of you
83%
I don't {want} to stop at all...yeah!
82%
I'm trav'ling {at} the speed of light
82%
I'm burning through {the} sky yeah!
81%
Tonight I'm gonna have {myself}
80%
And the {world}
79%
Just give me a {call}
79%
On my way to {Mars}
79%
That's {why} they call me Mister Fahrenheit
79%
I'm having a {ball}
78%
{Two} hundred degrees
78%
I feel {alive}
77%
{Don't} {stop} me now
75%
I'm a rocket {ship}
75%
It's turning {inside} {out} yeah
75%
I'm a {racing} car
74%
About to oh oh oh oh oh {explode}
73%
I am a sex {machine}
72%
I'm {gonna} go go go
71%
Like an {atom} bomb
70%
I'm {burning} through the sky yeah!
68%
I'm out of {control}
66%
{Don't} {stop} {me} (×2)
65%
{Don't} {stop} {me} (×2)
65%
{Don't} {stop} {me} (×2)
65%
{Don't} {stop} {me} (×3)
65%
Two hundred {degrees}
65%
Hey hey {hey}
64%
I'm {floating} around
64%
Ooh I'm burning {through} the sky yeah!
64%
Like a {tiger}
63%
I wanna make a supersonic {woman} of you
62%
That's why they call me Mister {Fahrenheit}
62%
I'm {having} a ball
61%
I wanna {make} a supersonic man out of you
61%
On a {collision} course
61%
If {you} wanna have a good time
58%
Just {give} me a call
58%
Ready to {reload}
58%
In {ecstasy}
57%
Ooh ooh ooh (I {like} it)
56%
Leaping through the {skies}
55%
Passing by like {Lady} {Godiva}
53%
Don't {stop} {me} {now}
52%
{Have} a good time, good time
51%
I am a {satellite}
46%
I don't wanna stop {at} {all}
44%
({yes} I'm having a good time)
21%
Ooh ooh {alright}
5%
No matching quizzes found
Score Distribution
Percent of People with Each Score
Percentile by Number Answered
Your Score History
You have not taken this quiz since the last reset